01020nam a2200241 i 4500001000700000003000900007005001700016007000300033008004100036100002900077245019100106260003900297300002100336490003000357500007700387700002700464700004100491700003200532830005200564852002200616999001900638952012100657115452ES-MaACL20250825062558.0t|070309s1928 sp ||||1| spa d1 aDecrept, Etienne.94318610aMaitena = (La más querida) b: pastoral lírica vasca, en dos actos / cEtienne Decrept ; música de Charles Colin ; adaptada al castellano por Alfredo de Echave y Santos de Urrutia. aMadrid : bPrensa Moderna, c1928. a47 p. ; c17 cm.1 aEl Teatro moderno ; v147 aEstrenada en el Teatro de la Zarzuela, de Madrid, el 29 de mayo de 1928.1 aColin, Charles.9395881 aEchave y Nazabal, Alfredo de.9465161 aUrrutia, Santos de.911225003aEl teatro moderno (Prensa Moderna)v1479182365 aES-MaACLjC-13046 c115452d115452 00104070aATENEOMbATENEOMcSPALd2008-01-17eSCl0oC-13046p1120377r2023-02-23 00:00:00w2023-02-23yMONOGRAFIA